L'apprentissage à tout âge dans l'économie mondiale du savoir : Des défis pour les pays en développenment

L'apprentissage à tout âge est la méthode éducative de l' économie du savoir. Dans ce contexte, les structures éducatives formelles s'avèrent moins importantes que l'apprentissage lui-même et que la satisfaction des besoins des apprenants. Il devient essentiel de mieux in...

Fuld beskrivelse

Đã lưu trong:
Bibliografiske detaljer
Institution som forfatter: Banque mondiale
Format: Bog
Sprog:Undetermined
Udgivet: Québec Presses de l'Université Laval 2003
Fag:
Tags: Tilføj Tag
Ingen Tags, Vær først til at tagge denne postø!
Thư viện lưu trữ: Trung tâm Học liệu Trường Đại học Cần Thơ
LEADER 01115nam a2200217Ia 4500
001 CTU_136320
008 210402s9999 xx 000 0 und d
082 |a 374 
082 |b B219 
110 |a Banque mondiale 
245 0 |a L'apprentissage à tout âge dans l'économie mondiale du savoir : 
245 0 |b Des défis pour les pays en développenment 
245 0 |c Banque mondiale ; Traduit de l'anglais par Catherine Ego 
260 |a Québec 
260 |b Presses de l'Université Laval 
260 |c 2003 
520 |a L'apprentissage à tout âge est la méthode éducative de l' économie du savoir. Dans ce contexte, les structures éducatives formelles s'avèrent moins importantes que l'apprentissage lui-même et que la satisfaction des besoins des apprenants. Il devient essentiel de mieux intégrer les programmes d'apprentissage et de renforcer l'adéquation entre les différentes composantes du système. 
650 |a Continuing education,Continuing education 
650 |x Developing countries 
904 |i Giang 
980 |a Trung tâm Học liệu Trường Đại học Cần Thơ